Normal view
MARC view
- GREATEST IDEAS FOR BUILDING THE BUSINESS OF YOUR DREAMS
Entry Topical Term
001 - CONTROL NUMBER
- control field: 60008
003 - CONTROL NUMBER IDENTIFIER
- control field: NUST
005 - DATE AND TIME OF LATEST TRANSACTION
- control field: 20210628202448.0
008 - FIXED-LENGTH DATA ELEMENTS
- fixed length control field: 210628|| aca||aabn | a|a d
040 ## - CATALOGING SOURCE
- Original cataloging agency: NUST
- Transcribing agency: NUST
150 ## - HEADING--TOPICAL TERM
- Topical term or geographic name entry element: GREATEST IDEAS FOR BUILDING THE BUSINESS OF YOUR DREAMS
670 ## - SOURCE DATA FOUND
- Source citation: Work cat.: (NUST): Langdon, Ken 60007, The 100 greatest ideas for building the business of your dreams, 2000
